00349 a2200109 4500001001000000005001700010008004100027245006800068100002300136773006300159999001700222ART_1128120260410161855.0260409a 10aUn ensayo sobre historia de la política económica Argentina1 aVisintini, Alfredo0 tRevista de Economíag- Nº 26 (ene./dic. 1978)wREV11077 c25424d25424